[Event "DVM U16 2020"]
[Site "Willingen GER"]
[Date "2021.06.26"]
[Round "6"]
[White "Burgtorf, Benjamin"]
[Black "Nguyen, Alex Dac-Vuong"]
[Result "1/2-1/2"]
[Termination "normal"]
[Board "4.1"]
[BlackTitle "FM"]
[WhiteElo "1773"]
[BlackElo "2307"]
[WhiteClock "00:02:40"]
[BlackClock "00:22:34"]
[WhiteTeam "SchVgg Blankenese von 1923 e.V."]
[BlackTeam "Schachgemeinschaft Leipzig"]
[PlyCount "65"]
[WhiteFideId "16242920"]
[BlackFideId "12984388"]
[EventCountry "GER"]
[EventRounds "7"]
[EventType "team-swiss"]
[EventDate "2021.06.23"]

1. Nf3 {[%clk 1:30:40]} 1... Nf6 {[%clk 1:30:53]} 2. c4 {[%clk 1:31:04]} 2...
c5 {[%clk 1:31:18]} 3. g3 {[%clk 1:28:35]} 3... d5 {[%clk 1:31:43]} 4. d4 {
[%clk 1:27:54]} 4... cxd4 {[%clk 1:28:37]} 5. cxd5 {[%clk 1:27:02]} 5... Qxd5 {
[%clk 1:28:53]} 6. Qxd4 {[%clk 1:26:38]} 6... Nc6 {[%clk 1:28:28]} 7. Qxd5 {
[%clk 1:25:12]} 7... Nxd5 {[%clk 1:28:33]} 8. Bg2 {[%clk 1:24:24]} 8... Ndb4 {
[%clk 1:24:14]} 9. Na3 {[%clk 1:20:53]} 9... Bf5 {[%clk 1:21:47]} 10. O-O {
[%clk 1:16:42]} 10... e5 {[%clk 1:18:04]} 11. Be3 {[%clk 1:08:31]} 11... O-O-O
{[%clk 1:16:39]} 12. Rfc1 {[%clk 0:52:46]} 12... Kb8 {[%clk 1:16:03]} 13. Ng5 {
[%clk 0:47:57]} 13... Bg6 {[%clk 1:11:51]} 14. Nc4 {[%clk 0:39:30]} 14... Be7 {
[%clk 1:04:40]} 15. a3 {[%clk 0:36:05]} 15... Nd5 {[%clk 1:04:48]} 16. Nf3 {
[%clk 0:34:36]} 16... Nxe3 {[%clk 1:03:31]} 17. fxe3 {[%clk 0:26:45]} 17... f6
{[%clk 1:01:50]} 18. Nh4 {[%clk 0:22:19]} 18... Be8 {[%clk 0:59:09]} 19. b4 {
[%clk 0:21:14]} 19... a6 {[%clk 0:57:41]} 20. Nf5 {[%clk 0:19:58]} 20... Bf8 {
[%clk 0:57:09]} 21. Rd1 {[%clk 0:19:24]} 21... Rxd1+ {[%clk 0:50:34]} 22. Rxd1
{[%clk 0:19:52]} 22... Kc7 {[%clk 0:50:53]} 23. e4 {[%clk 0:15:31]} 23... Bf7 {
[%clk 0:48:42]} 24. Nce3 {[%clk 0:14:19]} 24... a5 {[%clk 0:43:40]} 25. Nd5+ {
[%clk 0:13:44]} 25... Kb8 {[%clk 0:43:07]} 26. Rb1 {[%clk 0:11:08]} 26... axb4
{[%clk 0:41:51]} 27. axb4 {[%clk 0:09:56]} 27... g6 {[%clk 0:41:06]} 28. Nfe3 {
[%clk 0:10:01]} 28... Bh6 {[%clk 0:41:28]} 29. Kf2 {[%clk 0:10:11]} 29... Be6 {
[%clk 0:37:02]} 30. Nc4 {[%clk 0:06:02]} 30... Rd8 {[%clk 0:35:55]} 31. e3 {
[%clk 0:05:27]} 31... Bf8 {[%clk 0:27:12]} 32. Ncb6 {[%clk 0:05:09]} 32... f5 {
[%clk 0:22:34]} 33. Ke2 {[%clk 0:02:40]} 1/2-1/2

[Event "DVM U16 2020"]
[Site "Willingen GER"]
[Date "2021.06.26"]
[Round "6"]
[White "Haufe, Laurin"]
[Black "von Rosen, Jakob"]
[Result "1-0"]
[Termination "normal"]
[Board "4.2"]
[WhiteElo "2052"]
[BlackElo "1722"]
[WhiteClock "01:17:28"]
[BlackClock "00:26:50"]
[WhiteTeam "Schachgemeinschaft Leipzig"]
[BlackTeam "SchVgg Blankenese von 1923 e.V."]
[PlyCount "85"]
[WhiteFideId "12976504"]
[BlackFideId "12982989"]
[EventCountry "GER"]
[EventRounds "7"]
[EventType "team-swiss"]
[EventDate "2021.06.23"]

1. e4 {[%clk 1:30:56]} 1... c5 {[%clk 1:30:54]} 2. Nf3 {[%clk 1:31:21]} 2... d6
{[%clk 1:31:17]} 3. d4 {[%clk 1:31:46]} 3... cxd4 {[%clk 1:31:40]} 4. Nxd4 {
[%clk 1:32:13]} 4... Nf6 {[%clk 1:31:57]} 5. f3 {[%clk 1:32:40]} 5... Nc6 {
[%clk 1:27:22]} 6. c4 {[%clk 1:32:39]} 6... e6 {[%clk 1:17:00]} 7. Nc3 { [%clk
1:33:01]} 7... d5 {[%clk 1:11:04]} 8. cxd5 {[%clk 1:29:14]} 8... exd5 { [%clk
1:11:14]} 9. Bb5 {[%clk 1:29:25]} 9... Bd7 {[%clk 0:53:59]} 10. exd5 { [%clk
1:24:36]} 10... Nxd4 {[%clk 0:41:45]} 11. Bxd7+ {[%clk 1:23:04]} 11... Qxd7
{[%clk 0:41:57]} 12. Qxd4 {[%clk 1:23:28]} 12... b6 {[%clk 0:35:39]} 13. Bg5
{[%clk 1:21:16]} 13... Be7 {[%clk 0:35:11]} 14. Bxf6 {[%clk 1:17:57]} 14...
Bxf6 {[%clk 0:34:42]} 15. Qe4+ {[%clk 1:18:08]} 15... Kf8 {[%clk 0:26:13]} 16.
O-O {[%clk 1:17:58]} 16... g6 {[%clk 0:25:21]} 17. Rfe1 {[%clk 1:15:54]} 17...
Kg7 {[%clk 0:24:43]} 18. Qd3 {[%clk 1:15:07]} 18... Rhd8 {[%clk 0:22:23]} 19.
Rad1 {[%clk 1:14:12]} 19... Qb7 {[%clk 0:17:00]} 20. b4 {[%clk 1:09:04]} 20...
Kg8 {[%clk 0:14:33]} 21. Ne4 {[%clk 1:06:41]} 21... Bg7 {[%clk 0:14:23]} 22.
Qb3 {[%clk 1:05:31]} 22... Rd7 {[%clk 0:13:08]} 23. Re2 {[%clk 1:04:30]} 23...
Rad8 {[%clk 0:12:36]} 24. Red2 {[%clk 1:03:17]} 24... h6 {[%clk 0:08:20]} 25.
a4 {[%clk 1:02:09]} 25... f5 {[%clk 0:06:50]} 26. Nc3 {[%clk 1:01:50]} 26...
Kh7 {[%clk 0:06:20]} 27. Ne2 {[%clk 0:59:45]} 27... b5 {[%clk 0:04:58]} 28. a5
{[%clk 0:58:21]} 28... a6 {[%clk 0:05:20]} 29. Nf4 {[%clk 0:57:59]} 29... Re8 {
[%clk 0:03:28]} 30. Ne6 {[%clk 0:56:13]} 30... Be5 {[%clk 0:02:43]} 31. Re2 {
[%clk 0:54:01]} 31... Qb8 {[%clk 0:01:04]} 32. f4 {[%clk 0:52:54]} 32... Bd6 {
[%clk 0:00:50]} 33. g3 {[%clk 0:52:04]} 33... Qc8 {[%clk 0:00:52]} 34. Rc2 {
[%clk 0:49:41]} 34... Qb7 {[%clk 0:00:49]} 35. Rdc1 {[%clk 0:48:09]} 35... Bb8
{[%clk 0:01:01]} 36. Rc6 {[%clk 0:48:11]} 36... Ba7+ {[%clk 0:01:15]} 37. Kf1 {
[%clk 0:48:17]} 37... Rde7 {[%clk 0:00:46]} 38. Rc7 {[%clk 0:47:06]} 38... Qb8
{[%clk 0:00:43]} 39. Qc3 {[%clk 0:46:33]} 39... Kg8 {[%clk 0:00:34]} 40. Qf6 {
[%clk 0:46:31]} 40... Rxc7 {[%clk 0:00:31]} 41. Qxg6+ {[%clk 0:46:40]} 41...
Kh8 {[%clk 0:30:15]} 42. Rxc7 {[%clk 1:17:04]} 42... Qxc7 {[%clk 0:26:50]} 43.
Qxe8+ {[%clk 1:17:28]} 1-0

[Event "DVM U16 2020"]
[Site "Willingen GER"]
[Date "2021.06.26"]
[Round "6"]
[White "Sell, Eero"]
[Black "Schäfer, Konstantin"]
[Result "1-0"]
[Termination "normal"]
[Board "4.3"]
[WhiteElo "1766"]
[BlackElo "1754"]
[WhiteClock "00:13:37"]
[BlackClock "00:09:09"]
[WhiteTeam "SchVgg Blankenese von 1923 e.V."]
[BlackTeam "Schachgemeinschaft Leipzig"]
[PlyCount "57"]
[WhiteFideId "34606041"]
[BlackFideId "16240510"]
[EventCountry "GER"]
[EventRounds "7"]
[EventType "team-swiss"]
[EventDate "2021.06.23"]

1. e4 {[%clk 1:30:59]} 1... c5 {[%clk 1:30:57]} 2. Nc3 {[%clk 1:31:25]} 2...
Nc6 {[%clk 1:31:23]} 3. f4 {[%clk 1:31:51]} 3... g6 {[%clk 1:31:50]} 4. Nf3 {
[%clk 1:32:17]} 4... Bg7 {[%clk 1:32:18]} 5. Bb5 {[%clk 1:32:39]} 5... Nd4 {
[%clk 1:32:27]} 6. O-O {[%clk 1:32:58]} 6... Nxb5 {[%clk 1:32:03]} 7. Nxb5 {
[%clk 1:33:19]} 7... a6 {[%clk 1:32:18]} 8. Nc3 {[%clk 1:33:41]} 8... e6 {
[%clk 1:32:46]} 9. e5 {[%clk 1:32:50]} 9... d5 {[%clk 1:31:46]} 10. d4 { [%clk
1:32:05]} 10... cxd4 {[%clk 1:27:22]} 11. Nxd4 {[%clk 1:31:16]} 11... Ne7
{[%clk 1:27:41]} 12. Qe1 {[%clk 1:28:53]} 12... Qb6 {[%clk 1:20:16]} 13. Be3 {
[%clk 1:11:36]} 13... Qxb2 {[%clk 1:09:48]} 14. a3 {[%clk 1:08:59]} 14... Qb6 {
[%clk 1:00:07]} 15. Nf5 {[%clk 1:08:20]} 15... Qc7 {[%clk 1:00:33]} 16. Nxg7+ {
[%clk 1:08:25]} 16... Kf8 {[%clk 1:01:00]} 17. f5 {[%clk 1:02:59]} 17... Kxg7 {
[%clk 0:43:54]} 18. Bh6+ {[%clk 0:55:40]} 18... Kxh6 {[%clk 0:37:15]} 19. f6 {
[%clk 0:23:46]} 19... Nf5 {[%clk 0:15:25]} 20. Rxf5 {[%clk 0:22:15]} 20... gxf5
{[%clk 0:15:51]} 21. Qh4+ {[%clk 0:21:40]} 21... Kg6 {[%clk 0:16:14]} 22. Qg3+
{[%clk 0:22:04]} 22... Kh6 {[%clk 0:16:20]} 23. Ne2 {[%clk 0:21:34]} 23... Qc4
{[%clk 0:14:08]} 24. Qg7+ {[%clk 0:16:30]} 24... Kh5 {[%clk 0:14:35]} 25. Ng3+
{[%clk 0:15:23]} 25... Kh4 {[%clk 0:14:59]} 26. Rf1 {[%clk 0:15:23]} 26...
Qxf1+ {[%clk 0:08:17]} 27. Nxf1 {[%clk 0:13:19]} 27... Bd7 {[%clk 0:08:43]} 28.
Qh6+ {[%clk 0:13:37]} 28... Kg4 {[%clk 0:09:09]} 29. h3# 1-0

[Event "DVM U16 2020"]
[Site "Willingen GER"]
[Date "2021.06.26"]
[Round "6"]
[White "Zinke, Mirko"]
[Black "Tao, Alexander"]
[Result "1-0"]
[Termination "normal"]
[Board "4.4"]
[WhiteElo "1534"]
[BlackElo "1631"]
[WhiteClock "00:42:45"]
[BlackClock "00:33:23"]
[WhiteTeam "Schachgemeinschaft Leipzig"]
[BlackTeam "SchVgg Blankenese von 1923 e.V."]
[PlyCount "53"]
[WhiteFideId "16240600"]
[BlackFideId "34606033"]
[EventCountry "GER"]
[EventRounds "7"]
[EventType "team-swiss"]
[EventDate "2021.06.23"]

1. e4 {[%clk 1:30:53]} 1... e5 {[%clk 1:30:55]} 2. f4 {[%clk 1:31:18]} 2... d5
{[%clk 1:31:05]} 3. exd5 {[%clk 1:31:36]} 3... exf4 {[%clk 1:31:24]} 4. c4 {
[%clk 1:31:36]} 4... Qh4+ {[%clk 1:27:14]} 5. Ke2 {[%clk 1:31:25]} 5... Bg4+ {
[%clk 1:16:12]} 6. Nf3 {[%clk 1:31:44]} 6... Nd7 {[%clk 1:10:42]} 7. Qe1 {
[%clk 1:27:13]} 7... Qxe1+ {[%clk 1:05:26]} 8. Kxe1 {[%clk 1:27:13]} 8... b6 {
[%clk 1:03:15]} 9. d4 {[%clk 1:23:39]} 9... Bd6 {[%clk 1:03:20]} 10. Bd3 {
[%clk 1:22:36]} 10... O-O-O {[%clk 1:01:42]} 11. Nc3 {[%clk 1:21:25]} 11... a6
{[%clk 1:00:44]} 12. Kd2 {[%clk 1:13:13]} 12... Ngf6 {[%clk 0:55:52]} 13. Kc2 {
[%clk 1:10:59]} 13... h6 {[%clk 0:51:33]} 14. Bd2 {[%clk 1:10:11]} 14... g5 {
[%clk 0:50:12]} 15. a3 {[%clk 1:08:15]} 15... Bh5 {[%clk 0:44:38]} 16. h3 {
[%clk 1:00:45]} 16... Rhg8 {[%clk 0:41:15]} 17. b4 {[%clk 0:58:32]} 17... Bg6 {
[%clk 0:41:03]} 18. c5 {[%clk 0:57:24]} 18... Bxd3+ {[%clk 0:41:24]} 19. Kxd3 {
[%clk 0:57:46]} 19... Be7 {[%clk 0:40:06]} 20. Rac1 {[%clk 0:47:54]} 20... Kb8
{[%clk 0:34:08]} 21. d6 {[%clk 0:42:35]} 21... cxd6 {[%clk 0:34:11]} 22. c6 {
[%clk 0:42:59]} 22... Nf8 {[%clk 0:33:33]} 23. c7+ {[%clk 0:42:27]} 23... Kxc7
{[%clk 0:33:56]} 24. Nd5+ {[%clk 0:42:50]} 24... Kd7 {[%clk 0:34:16]} 25. Rc7+
{[%clk 0:43:05]} 25... Ke6 {[%clk 0:34:23]} 26. Nxe7 {[%clk 0:43:20]} 26... d5
{[%clk 0:33:23]} 27. Nxg8 {[%clk 0:42:45]} 1-0

[Event "DVM U16 2020"]
[Site "Willingen GER"]
[Date "2021.06.26"]
[Round "6"]
[White "Weidemann, Jakob"]
[Black "Sulayev, Daniel"]
[Result "0-1"]
[Termination "normal"]
[Board "5.1"]
[WhiteElo "1570"]
[BlackElo "2209"]
[WhiteClock "00:12:40"]
[BlackClock "00:07:24"]
[WhiteTeam "Schachklub Münster 32 e. V."]
[BlackTeam "SV Empor Berlin e.V."]
[PlyCount "94"]
[WhiteFideId "16255470"]
[BlackFideId "12977675"]
[EventCountry "GER"]
[EventRounds "7"]
[EventType "team-swiss"]
[EventDate "2021.06.23"]

1. e4 {[%clk 1:30:57]} 1... c5 {[%clk 1:30:57]} 2. Nf3 {[%clk 1:31:21]} 2...
Nc6 {[%clk 1:31:23]} 3. d4 {[%clk 1:31:46]} 3... cxd4 {[%clk 1:31:49]} 4. Nxd4
{[%clk 1:32:10]} 4... e5 {[%clk 1:32:10]} 5. Nb5 {[%clk 1:32:33]} 5... d6 {
[%clk 1:32:34]} 6. Bc4 {[%clk 1:32:54]} 6... a6 {[%clk 1:26:20]} 7. N5c3 {
[%clk 1:33:17]} 7... Nf6 {[%clk 1:20:09]} 8. Bg5 {[%clk 1:33:22]} 8... Be7 {
[%clk 1:20:30]} 9. Bxf6 {[%clk 1:33:46]} 9... Bxf6 {[%clk 1:20:54]} 10. Nd5 {
[%clk 1:34:09]} 10... O-O {[%clk 1:20:50]} 11. a4 {[%clk 1:33:25]} 11... Be6 {
[%clk 1:20:05]} 12. Nbc3 {[%clk 1:32:05]} 12... Rc8 {[%clk 1:18:36]} 13. O-O {
[%clk 1:29:37]} 13... Bg5 {[%clk 1:07:55]} 14. Bd3 {[%clk 1:25:14]} 14... g6 {
[%clk 1:03:09]} 15. f4 {[%clk 1:20:06]} 15... exf4 {[%clk 1:00:16]} 16. Kh1 {
[%clk 1:19:44]} 16... Bxd5 {[%clk 0:56:37]} 17. Nxd5 {[%clk 1:19:46]} 17... Ne5
{[%clk 0:49:43]} 18. Nxf4 {[%clk 1:19:32]} 18... Bxf4 {[%clk 0:49:46]} 19. Rxf4
{[%clk 1:19:52]} 19... Qb6 {[%clk 0:44:31]} 20. Rb1 {[%clk 1:07:19]} 20... Qd4
{[%clk 0:43:12]} 21. b3 {[%clk 1:04:51]} 21... Rc3 {[%clk 0:41:52]} 22. Qg1 {
[%clk 1:02:48]} 22... Qxg1+ {[%clk 0:35:48]} 23. Kxg1 {[%clk 1:03:05]} 23...
Nxd3 {[%clk 0:35:51]} 24. Rf3 {[%clk 0:59:10]} 24... Rxc2 {[%clk 0:36:12]} 25.
Rxd3 {[%clk 0:59:21]} 25... Re8 {[%clk 0:35:47]} 26. Re1 {[%clk 0:56:34]} 26...
Re6 {[%clk 0:33:08]} 27. Ree3 {[%clk 0:54:40]} 27... Kf8 {[%clk 0:31:57]} 28.
h4 {[%clk 0:51:53]} 28... h5 {[%clk 0:30:27]} 29. Kh2 {[%clk 0:52:03]} 29...
Ke7 {[%clk 0:27:20]} 30. Kg3 {[%clk 0:51:03]} 30... Rc5 {[%clk 0:21:17]} 31.
Rd4 {[%clk 0:47:02]} 31... b5 {[%clk 0:19:44]} 32. Rf3 {[%clk 0:41:13]} 32...
Rce5 {[%clk 0:16:12]} 33. axb5 {[%clk 0:30:47]} 33... axb5 {[%clk 0:15:14]} 34.
Kf4 {[%clk 0:30:03]} 34... Rf6+ {[%clk 0:09:31]} 35. Ke3 {[%clk 0:29:59]} 35...
Rxf3+ {[%clk 0:09:05]} 36. gxf3 {[%clk 0:28:28]} 36... Ke6 {[%clk 0:09:34]} 37.
b4 {[%clk 0:25:36]} 37... d5 {[%clk 0:08:54]} 38. f4 {[%clk 0:22:17]} 38...
Rxe4+ {[%clk 0:08:59]} 39. Rxe4+ {[%clk 0:21:56]} 39... dxe4 {[%clk 0:09:27]}
40. Kxe4 {[%clk 0:22:13]} 40... f6 {[%clk 0:07:52]} 41. f5+ {[%clk 0:14:43]}
41... gxf5+ {[%clk 0:08:14]} 42. Kf4 {[%clk 0:15:07]} 42... Ke7 {[%clk 0:05:33]
} 43. Kxf5 {[%clk 0:13:33]} 43... Kf7 {[%clk 0:06:01]} 44. Ke4 {[%clk 0:12:23]}
44... Ke6 {[%clk 0:06:24]} 45. Kf4 {[%clk 0:12:14]} 45... f5 {[%clk 0:06:39]}
46. Kg5 {[%clk 0:12:22]} 46... Ke5 {[%clk 0:07:02]} 47. Kxh5 {[%clk 0:12:40]}
47... Kf6 {[%clk 0:07:24]} 0-1

[Event "DVM U16 2020"]
[Site "Willingen GER"]
[Date "2021.06.26"]
[Round "6"]
[White "Mankel, Luca"]
[Black "John, Niklas"]
[Result "1-0"]
[Termination "normal"]
[Board "5.2"]
[WhiteElo "1917"]
[BlackElo "1521"]
[WhiteClock "00:50:33"]
[BlackClock "00:32:19"]
[WhiteTeam "SV Empor Berlin e.V."]
[BlackTeam "Schachklub Münster 32 e. V."]
[PlyCount "57"]
[WhiteFideId "16253876"]
[BlackFideId "16234626"]
[EventCountry "GER"]
[EventRounds "7"]
[EventType "team-swiss"]
[EventDate "2021.06.23"]

1. e4 {[%clk 1:30:55]} 1... c5 {[%clk 1:30:49]} 2. Nc3 {[%clk 1:31:22]} 2...
Nc6 {[%clk 1:29:59]} 3. Bb5 {[%clk 1:31:48]} 3... g6 {[%clk 1:30:03]} 4. Bxc6 {
[%clk 1:31:47]} 4... bxc6 {[%clk 1:30:24]} 5. d3 {[%clk 1:32:13]} 5... Bg7 {
[%clk 1:30:01]} 6. Nge2 {[%clk 1:32:41]} 6... Nf6 {[%clk 1:29:11]} 7. O-O {
[%clk 1:32:44]} 7... O-O {[%clk 1:29:31]} 8. Be3 {[%clk 1:33:11]} 8... d6 {
[%clk 1:28:45]} 9. h3 {[%clk 1:33:24]} 9... Be6 {[%clk 1:24:35]} 10. b3 { [%clk
1:32:52]} 10... Qa5 {[%clk 1:20:55]} 11. Qe1 {[%clk 1:30:10]} 11... Nd7 { [%clk
1:11:12]} 12. Bd2 {[%clk 1:27:22]} 12... Qd8 {[%clk 1:09:22]} 13. Nf4 { [%clk
1:27:27]} 13... d5 {[%clk 1:05:37]} 14. Rd1 {[%clk 1:23:03]} 14... c4 { [%clk
0:57:33]} 15. exd5 {[%clk 1:17:04]} 15... cxb3 {[%clk 0:46:59]} 16. dxe6 {[%clk
1:10:57]} 16... bxc2 {[%clk 0:47:11]} 17. Rc1 {[%clk 1:11:23]} 17... Ne5 {[%clk
0:46:40]} 18. Rxc2 {[%clk 1:06:43]} 18... Nxd3 {[%clk 0:44:43]} 19. Qe4 {[%clk
1:06:06]} 19... Nxf4 {[%clk 0:43:54]} 20. Bxf4 {[%clk 1:06:04]} 20... Qb6
{[%clk 0:42:52]} 21. Rb1 {[%clk 1:04:54]} 21... Qd4 {[%clk 0:40:13]} 22. Be3
{[%clk 0:59:06]} 22... Qd6 {[%clk 0:36:57]} 23. Rd1 {[%clk 0:55:13]} 23... Qc7
{[%clk 0:36:22]} 24. Nb5 {[%clk 0:53:13]} 24... Qa5 {[%clk 0:34:46]} 25. Qxc6
{[%clk 0:53:33]} 25... Rfd8 {[%clk 0:34:26]} 26. Rcd2 {[%clk 0:52:23]} 26...
Be5 {[%clk 0:34:02]} 27. Bh6 {[%clk 0:50:55]} 27... Rdc8 {[%clk 0:32:41]} 28.
exf7+ {[%clk 0:50:27]} 28... Kxf7 {[%clk 0:32:19]} 29. Qd5+ {[%clk 0:50:33] }
1-0

[Event "DVM U16 2020"]
[Site "Willingen GER"]
[Date "2021.06.26"]
[Round "6"]
[White "Tenbosch, Till Theo"]
[Black "Breitzmann, Sander"]
[Result "0-1"]
[Termination "normal"]
[Board "5.3"]
[WhiteElo "1307"]
[BlackElo "1821"]
[WhiteClock "00:03:33"]
[BlackClock "00:09:52"]
[WhiteTeam "Schachklub Münster 32 e. V."]
[BlackTeam "SV Empor Berlin e.V."]
[PlyCount "86"]
[WhiteFideId "16255461"]
[BlackFideId "12987085"]
[EventCountry "GER"]
[EventRounds "7"]
[EventType "team-swiss"]
[EventDate "2021.06.23"]

1. d4 {[%clk 1:30:58]} 1... Nf6 {[%clk 1:30:53]} 2. Nc3 {[%clk 1:31:23]} 2...
d5 {[%clk 1:31:18]} 3. Bf4 {[%clk 1:31:48]} 3... c5 {[%clk 1:31:06]} 4. e3 {
[%clk 1:32:12]} 4... Nc6 {[%clk 1:31:32]} 5. Nb5 {[%clk 1:32:06]} 5... e5 {
[%clk 1:27:17]} 6. dxe5 {[%clk 1:32:23]} 6... Ng4 {[%clk 1:11:37]} 7. Qxd5 {
[%clk 1:26:56]} 7... Qxd5 {[%clk 1:01:09]} 8. Nc7+ {[%clk 1:27:19]} 8... Kd8 {
[%clk 1:01:23]} 9. Nxd5 {[%clk 1:27:33]} 9... Ngxe5 {[%clk 1:01:25]} 10. Bb5 {
[%clk 1:25:32]} 10... Bf5 {[%clk 0:59:53]} 11. O-O-O {[%clk 1:21:34]} 11... Kc8
{[%clk 0:59:27]} 12. Bxc6 {[%clk 1:18:21]} 12... Nxc6 {[%clk 0:59:38]} 13. Nc7
{[%clk 1:14:53]} 13... Rb8 {[%clk 0:59:57]} 14. Ne8 {[%clk 1:14:51]} 14... Ra8
{[%clk 1:00:14]} 15. Nc7 {[%clk 1:13:44]} 15... Rb8 {[%clk 1:00:40]} 16. a3 {
[%clk 1:12:36]} 16... b6 {[%clk 0:58:10]} 17. Ne2 {[%clk 1:10:30]} 17... Rb7 {
[%clk 0:56:55]} 18. Nb5 {[%clk 1:09:26]} 18... a6 {[%clk 0:57:04]} 19. Nd6+ {
[%clk 1:09:32]} 19... Bxd6 {[%clk 0:57:28]} 20. Bxd6 {[%clk 1:09:57]} 20... Re8
{[%clk 0:56:43]} 21. h3 {[%clk 1:06:46]} 21... Ne5 {[%clk 0:55:35]} 22. Rd5 {
[%clk 1:05:30]} 22... Nc4 {[%clk 0:54:04]} 23. Rxf5 {[%clk 1:04:25]} 23... Nxd6
{[%clk 0:54:26]} 24. Rd5 {[%clk 1:01:05]} 24... Ne4 {[%clk 0:54:18]} 25. f3 {
[%clk 0:56:20]} 25... Nf6 {[%clk 0:53:35]} 26. Rd3 {[%clk 0:56:40]} 26... Nd7 {
[%clk 0:51:12]} 27. e4 {[%clk 0:52:51]} 27... Ne5 {[%clk 0:50:45]} 28. Rd5 {
[%clk 0:51:48]} 28... Nc4 {[%clk 0:49:43]} 29. Rg1 {[%clk 0:49:34]} 29... Rd7 {
[%clk 0:46:50]} 30. Nf4 {[%clk 0:46:06]} 30... Rxd5 {[%clk 0:46:35]} 31. Nxd5 {
[%clk 0:46:27]} 31... Kb7 {[%clk 0:46:55]} 32. Re1 {[%clk 0:44:31]} 32... f5 {
[%clk 0:41:35]} 33. Nc3 {[%clk 0:43:04]} 33... Kc6 {[%clk 0:40:52]} 34. a4 {
[%clk 0:41:06]} 34... b5 {[%clk 0:39:31]} 35. b3 {[%clk 0:40:44]} 35... Nd6 {
[%clk 0:39:29]} 36. axb5+ {[%clk 0:39:30]} 36... axb5 {[%clk 0:39:51]} 37. e5 {
[%clk 0:28:41]} 37... f4 {[%clk 0:37:22]} 38. Kd1 {[%clk 0:28:20]} 38... Nf5 {
[%clk 0:34:52]} 39. Ne2 {[%clk 0:24:26]} 39... g5 {[%clk 0:34:06]} 40. Kd2 {
[%clk 0:18:59]} 40... b4 {[%clk 0:22:18]} 41. g4 {[%clk 0:12:01]} 41... Ne3 {
[%clk 0:12:12]} 42. Ra1 {[%clk 0:03:54]} 42... Rd8+ {[%clk 0:09:27]} 43. Ke1 {
[%clk 0:03:33]} 43... Nxc2+ {[%clk 0:09:52]} 0-1

[Event "DVM U16 2020"]
[Site "Willingen GER"]
[Date "2021.06.26"]
[Round "6"]
[White "Fricke, Janek Konrad"]
[Black "Rohe, Markus"]
[Result "1-0"]
[Termination "normal"]
[Board "5.4"]
[WhiteElo "1574"]
[BlackElo "1113"]
[WhiteClock "00:17:48"]
[BlackClock "00:28:36"]
[WhiteTeam "SV Empor Berlin e.V."]
[BlackTeam "Schachklub Münster 32 e. V."]
[PlyCount "67"]
[WhiteFideId "12997471"]
[BlackFideId "34605983"]
[EventCountry "GER"]
[EventRounds "7"]
[EventType "team-swiss"]
[EventDate "2021.06.23"]

1. e4 {[%clk 1:30:59]} 1... e5 {[%clk 1:30:54]} 2. Nf3 {[%clk 1:31:25]} 2...
Nc6 {[%clk 1:31:17]} 3. Bc4 {[%clk 1:31:50]} 3... Bc5 {[%clk 1:31:38]} 4. d3 {
[%clk 1:32:13]} 4... h6 {[%clk 1:31:46]} 5. c3 {[%clk 1:32:35]} 5... Qf6 {
[%clk 1:32:05]} 6. Bb3 {[%clk 1:32:15]} 6... d6 {[%clk 1:31:47]} 7. h3 { [%clk
1:32:18]} 7... Nge7 {[%clk 1:31:46]} 8. Nbd2 {[%clk 1:31:27]} 8... g5 { [%clk
1:31:01]} 9. Nf1 {[%clk 1:17:17]} 9... Ng6 {[%clk 1:27:24]} 10. g3 { [%clk
1:07:23]} 10... Bxh3 {[%clk 1:22:07]} 11. Rxh3 {[%clk 1:02:20]} 11... g4 {[%clk
1:22:04]} 12. Rxh6 {[%clk 1:01:40]} 12... Rxh6 {[%clk 1:20:01]} 13. Bxh6 {[%clk
1:02:03]} 13... gxf3 {[%clk 1:20:23]} 14. Be3 {[%clk 1:01:18]} 14... Bxe3
{[%clk 1:15:08]} 15. Nxe3 {[%clk 1:01:39]} 15... O-O-O {[%clk 1:15:19]} 16. Nd5
{[%clk 1:00:54]} 16... Qg5 {[%clk 1:14:08]} 17. Qxf3 {[%clk 0:58:47]} 17... Rf8
{[%clk 1:11:01]} 18. Ke2 {[%clk 0:53:50]} 18... Nce7 {[%clk 1:07:14]} 19. Nf6
{[%clk 0:53:24]} 19... Nf4+ {[%clk 1:00:56]} 20. gxf4 {[%clk 0:51:03]} 20...
Qxf6 {[%clk 1:00:28]} 21. Qh3+ {[%clk 0:43:49]} 21... Kd8 {[%clk 0:58:00] } 22.
f5 {[%clk 0:42:16]} 22... c6 {[%clk 0:55:23]} 23. Qe3 {[%clk 0:39:40]} 23... d5
{[%clk 0:49:54]} 24. Qxa7 {[%clk 0:39:06]} 24... Kc7 {[%clk 0:48:09]} 25. Qe3
25... Rg8 {[%clk 0:46:43]} 26. Rh1 {[%clk 0:34:01]} 26... Qg7 { [%clk 0:44:09]}
27. Qf3 {[%clk 0:32:10]} 27... f6 {[%clk 0:41:28]} 28. Qe3 { [%clk 0:26:41]}
28... Qg4+ {[%clk 0:35:53]} 29. Kd2 {[%clk 0:24:52]} 29... Qg7 {[%clk 0:30:32]}
30. a4 30... Rd8 {[%clk 0:30:38]} 31. Kc2 {[%clk 0:19:45]} 31... d4 {[%clk
0:29:13]} 32. Qh6 {[%clk 0:17:29]} 32... Rg8 {[%clk 0:28:13]} 33. Bxg8 {[%clk
0:17:49]} 33... Qxg8 {[%clk 0:28:36]} 34. Qxf6 {[%clk 0:17:48]} 1-0